Representative bureaucracy: a lever to enhance social equity, coproduction, and democracy (Record no. 114395)

000 -LEADER
fixed length control field 01428pab a2200169 454500
008 - FIXED-LENGTH DATA ELEMENTS--GENERAL INFORMATION
fixed length control field 180718b2017 xxu||||| |||| 00| 0 eng d
100 ## - MAIN ENTRY--PERSONAL NAME
Personal name Riccucci, Norma M.
245 ## - TITLE STATEMENT
Title Representative bureaucracy: a lever to enhance social equity, coproduction, and democracy
260 ## - PUBLICATION, DISTRIBUTION, ETC.
Date of publication, distribution, etc. 2017
300 ## - PHYSICAL DESCRIPTION
Extent p.21-30.
362 ## - DATES OF PUBLICATION AND/OR SEQUENTIAL DESIGNATION
Dates of publication and/or sequential designation Jan-Feb
520 ## - SUMMARY, ETC.
Summary, etc. Scholars and practitioners have long questioned whether the race, ethnicity, and gender of public bureaucrats matter to the efficacy and legitimacy of public services. Representative bureaucracy theory and research provide a growing body of empirical evidence that it does. This article examines some of the rich scholarly work that has been generated on representative bureaucracy and its implications for practice. A significant aspect of recent research focuses on the notion of symbolic representation, whereby the mere existence of a passively represented bureaucracy can itself improve outcomes by influencing the attitudes and behaviors of clients, regardless of bureaucratic actions or results. This article is intended to help both students and public managers understand the importance of representativeness in public organizations for a broad spectrum of practices and goals, from the coproduction of services to democratic rule. - Reproduced.
650 ## - SUBJECT ADDED ENTRY--TOPICAL TERM
Topical term or geographic name entry element Civil service
700 ## - ADDED ENTRY--PERSONAL NAME
Personal name Ryzin, Gregg G. Van
773 ## - HOST ITEM ENTRY
Main entry heading Public Administration Review
909 ## -
-- 114401
Holdings
Withdrawn status Lost status Damaged status Not for loan Permanent Location Current Location Date acquired Serial Enumeration / chronology Barcode Date last seen Price effective from Koha item type
        Indian Institute of Public Administration Indian Institute of Public Administration 2018-07-19 Volume no: 77, Issue no: 1 AR114861 2018-07-19 2018-07-19 Articles

Powered by Koha